| 000 | 01386cam a22003378i 4500 | ||
|---|---|---|---|
| 001 | 11893017 | ||
| 003 | EG-ScBUE | ||
| 005 | 20251210093448.0 | ||
| 008 | 000119t2001 njua f b 001 0 eng | ||
| 020 | _a081551445X | ||
| 020 | _a978081551444 | ||
| 040 |
_aEG-ScBUE _beng _erda _cEG-ScBUE _dEG-ScBUE |
||
| 082 | 0 | 4 |
_a548.5 _222 _bBYR |
| 100 | 1 |
_aByrappa, K., _eauthor. |
|
| 245 | 1 | 0 |
_aHandbook of hydrothermal technology : _ba technology for crystal growth and materials processing / _cby K. Byrappa, University of Mysore, Manasagangotri, Mysore, India, and Masahiro Yoshimura, Tokyo Institute of Technology, Yokohama, Japan. |
| 264 | 1 |
_aPark Ridge, New Jersey : _bNoyes Publications, _c[2001] |
|
| 264 | 4 | _cc2001 | |
| 300 |
_axxiii, 870 pages : _billustrations ; _c24 cm. |
||
| 336 |
_2rdacontent _atext _btxt |
||
| 337 |
_aunmediated _2rdamedia _bn |
||
| 338 |
_avolume _bnc _2rdacarrier |
||
| 490 | 0 | _aMaterials science and process technology series | |
| 504 | _aIncludes bibliographical references and index. | ||
| 650 | 7 |
_aCrystallization. _2BUEsh |
|
| 650 | 7 |
_aCrystal growth. _2BUEsh |
|
| 655 | _vReading book | ||
| 700 | 1 |
_aoshimura, Masahiro, _d1942- _eauthor. |
|
| 856 | 4 | 2 |
_3Publisher description _uhttp://www.loc.gov/catdir/description/wap041/00021998.html |
| 856 | 4 | 1 |
_3Table of contents _uhttp://www.loc.gov/catdir/toc/wap041/00021998.html |
| 942 |
_2ddc _cREFERENCE |
||
| 999 |
_c10728 _d10728 |
||